000 00966nam a22002537a 4500
005 20170124103023.0
010 _aA-582903
020 _c40.00
035 _aA-582903
037 _bCen Lib/Ret
040 _aDPL
_bHN
082 _a
_bभटना
100 _aभटनागर, हरि
_961294
245 _aसगीर और उसकी बस्ती के लोग /
_cहरि भटनागर
246 _aSageer aur uski basti ke log /
_bby Hari Bhatnagar
260 _aइलाहाबाद
_bभारती भारती
_c1992
270 _a1, बाई का बाग
_bइलाहाबाद
_e211 003
300 _a128पृ.
_c17सेमी (सजिल्द)
650 _aहिन्दी -- साहित्य
_961295
650 _aहिन्दी -- कहानी
_9779
650 _aHindi -- Literature
_961296
650 _aHindi -- Story
_943117
942 _2ddc
_cHN
_h
_mभटना
999 _c115402
_d115402